| 000 | 00650na a2200217 4500 | ||
|---|---|---|---|
| 001 | 16578 | ||
| 003 | MIRAKIL | ||
| 005 | 20181213154939.0 | ||
| 008 | 161008b tu 000 0 | ||
| 020 | _a9789751734761 | ||
| 040 |
_aMilas _btur _cTR-AnCHP |
||
| 082 |
_a741.672 _bK57 2010 |
||
| 090 | _a741.672 K57 2010 | ||
| 245 |
_aKitap, kütüphane ve okuma sevgisi _bafiş yarışması _ceditör: Şenol Karadeniz |
||
| 260 |
_aAnkara _bKütüphaneler ve Yayımlar Genel Müdürlüğü _c2010 |
||
| 300 |
_a95 s. _bres. _c27 sm. |
||
| 650 |
_aOkuma _xAfişler |
||
| 650 |
_aKütüphane _xAfişler |
||
| 650 |
_aKitap _xAfişler |
||
| 942 |
_2ddc _cBKS |
||
| 999 |
_c3678 _d3678 |
||